| 000 | 00732nam a2200193 a 4500 | ||
|---|---|---|---|
| 001 | 000027138 | ||
| 005 | 20240319121127.0 | ||
| 008 | 110329s1998 dr a 000 0 spa d | ||
| 040 |
_aDO-SdBNP _bspa _cBNPHU |
||
| 082 |
_axxxx _bD352m |
||
| 100 | 1 |
_aDelgado Bogaert, Ramón _954201 |
|
| 245 | 1 | 0 |
_aMusié Bogaert : _bun ingeniero belga-flamenco al servicio de la República Dominicana / _cRamón Delgado Bogaert ; prólogo Rafael Emilo Yunén. |
| 260 |
_aSanto Domingo : _bEditorial Padilla, _c1998. |
||
| 300 |
_a357 p. : _bil. ; _c29 cm. |
||
| 504 | _aIncluye referencias bibliográficas y notas al pie de las páginas | ||
| 504 | _aBibliografía : p. 357 | ||
| 700 | 1 |
_aYunén, Rafael Emilio _d1952- _epról. _92304 |
|
| 049 | _aBNPD | ||
| 999 |
_c26630 _d26630 |
||